00584nam a22001697a 450000500170000001000130001702000260003003500110005603700130006708200110008010000280009124500870011924600620020626000520026827000720032030000220039220190805110014.0 aUR-10338 c200.00a9789386624666 aU-8893 bDBAD/PUB a841.08 aفر د و س شکيل  aسا جد ہ ز يد ی کی شعر ی با ز يا فت cفر د و س شکيل  bSajida Zaidi ki Sheri Bazyaft (Urdu)aby Firdaus Shakil aDelhibEducational Publishing House c2017 ء  a3191,Vakil Sreet Kucha Pandit Lal Kuan bDelhie110006k23216162l- a127 صc22 Cm(Hb)